<?xml version="1.0" encoding="UTF-8"?><?xml-stylesheet type="text/xsl" href="static/style.xsl"?><OAI-PMH xmlns="http://www.openarchives.org/OAI/2.0/" xmlns:xsi="http://www.w3.org/2001/XMLSchema-instance" xsi:schemaLocation="http://www.openarchives.org/OAI/2.0/ http://www.openarchives.org/OAI/2.0/OAI-PMH.xsd"><responseDate>2026-04-26T07:16:00Z</responseDate><request verb="GetRecord" identifier="oai:uvadoc.uva.es:10324/44862" metadataPrefix="marc">https://uvadoc.uva.es/oai/request</request><GetRecord><record><header><identifier>oai:uvadoc.uva.es:10324/44862</identifier><datestamp>2024-10-28T14:11:58Z</datestamp><setSpec>com_10324_5654</setSpec><setSpec>com_10324_5186</setSpec><setSpec>com_10324_29291</setSpec><setSpec>col_10324_44853</setSpec></header><metadata><record xmlns="http://www.loc.gov/MARC21/slim" xmlns:doc="http://www.lyncode.com/xoai" xmlns:xsi="http://www.w3.org/2001/XMLSchema-instance" xmlns:dcterms="http://purl.org/dc/terms/" xsi:schemaLocation="http://www.loc.gov/MARC21/slim http://www.loc.gov/standards/marcxml/schema/MARC21slim.xsd">
<leader>00925njm 22002777a 4500</leader>
<datafield tag="042" ind1=" " ind2=" ">
<subfield code="a">dc</subfield>
</datafield>
<datafield tag="720" ind1=" " ind2=" ">
<subfield code="a">Valero Matas, Jesús Alberto</subfield>
<subfield code="e">author</subfield>
</datafield>
<datafield tag="720" ind1=" " ind2=" ">
<subfield code="a">Barrera, Angie de la</subfield>
<subfield code="e">author</subfield>
</datafield>
<datafield tag="260" ind1=" " ind2=" ">
<subfield code="c">2020</subfield>
</datafield>
<datafield tag="520" ind1=" " ind2=" ">
<subfield code="a">El texto que aquí pretende analizar el coche autónomo en sus dimensiones técnicas y sociales. Mucho se habla del vehículo autónomo, que depara un futuro mejor, donde habrá menos accidentes, cambiará la forma de actuar de las personas, traerá grandes desarrollos sociales e industriales. Se dice que estos vehículos mejorarán la seguridad y calidad de vida de las personas, espacios urbanos más amplios, menos contaminación y un sin fin de adelantos. Las industrias automovilísticas así como algunas tecnológicas están luchando duramente por ser los primeros en tener un vehículo autónomo total. Pero por otra parte, no sabemos en que fase se encuentran los vehículos, cuantos niveles existen, como funciona un coche autónomo, cómo afectará a la industria, al mercado y a la vida cotidiana. Ante la llegada de este vehículo se presentan muchas lagunas, preguntas, así como resolver como es la ciberdelincuencia o cuestiones éticas derivadas de la conducción.</subfield>
</datafield>
<datafield tag="024" ind2=" " ind1="8">
<subfield code="a">Sociology and Technoscience; Vol 10 No 1 (2020): Search and count the disappearance: techniques and methods pags. 136-158</subfield>
</datafield>
<datafield tag="024" ind2=" " ind1="8">
<subfield code="a">1989-8487</subfield>
</datafield>
<datafield tag="024" ind2=" " ind1="8">
<subfield code="a">http://uvadoc.uva.es/handle/10324/44862</subfield>
</datafield>
<datafield tag="024" ind2=" " ind1="8">
<subfield code="a">136</subfield>
</datafield>
<datafield tag="024" ind2=" " ind1="8">
<subfield code="a">1</subfield>
</datafield>
<datafield tag="024" ind2=" " ind1="8">
<subfield code="a">158</subfield>
</datafield>
<datafield ind1=" " ind2=" " tag="653">
<subfield code="a">Sociología</subfield>
</datafield>
<datafield tag="245" ind1="0" ind2="0">
<subfield code="a">The autonomous car: a better future?</subfield>
</datafield>
</record></metadata></record></GetRecord></OAI-PMH>